[Event "Poikovsky Karpov 16th"]
[Site "Poikovsky"]
[Date "2015.09.29"]
[Round "2"]
[White "Sutovsky, Emil"]
[Black "Shirov, Alexei"]
[Result "1-0"]
[WhiteElo "2635"]
[BlackElo "2712"]
[Annotator "Sutovsky,E"]
[PlyCount "67"]
[EventDate "2015.09.28"]
[EventType "tourn"]
[EventRounds "9"]
[EventCountry "RUS"]
[EventCategory "17"]
[SourceTitle "CBM 169"]
[Source "ChessBase"]
[SourceDate "2015.11.10"]
[SourceVersion "1"]
[SourceVersionDate "2015.11.10"]
[SourceQuality "1"]

{And here it came, another meeting with Alexei. Throughout the years we have
played a number of exciting games, but still nearly all the classical
encounters ended in a draw (one notable exception being my attempt to get
something against the Petroff Defence, which ended up in a loss). But the
games were really remarkable, and I was looking forward to another real battle.
} 1. e4 c5 {Alexei sticks to 1...c5, which has become his main weapon in the
recent years.} 2. Nf3 d6 3. Nc3 a6 4. d4 cxd4 5. Nxd4 Nf6 6. h3 {Principled,
even if not wise. I have employed this sharp system regularly in the last two
years. I can't claim to have had a huge success with it - the main achievement
being an absence of draws :) A dozen wins accompanied by a number of painful
losses tells you a lot about this line. The most recent win came just a day
before the present game, when I beat Khismatullin in another crazy game.} e5 7.
Nb3 Be6 8. f4 (8. Be3 {is a less risky, but also less ambitious way to play
this position.}) 8... Nbd7 (8... b5 {was played by Khismatullin just yesterday,
but Alexei follows the principled line, which I have already faced twice.}) (
8... g6 $5 {was successfully employed by Gelfand versus Karjakin, but there
have been no top games in this line ever since.}) (8... Be7 {was the line
played by Wojtaszek against yours truly. I quickly messed up and got into dire
straits (it can happen to you in such a sharp variations, and you may find
yourself losing after move 12 or so, even having White...Well, you may call it
an opposite side of the moon :) )}) 9. f5 Bxb3 10. axb3 d5 {The point behind
Black's opening play. Now it gets very sharp.} 11. exd5 Bb4 {Well, White's
position looks bad. I'd say, that 20 years ago any strong player would have
just stopped his analysis here. Black has excellent compensation - White's
king is weak, the pawn chain is broken, the lag in development is frightening..
. However it turns to be not that simple. White is a pawn up and the position
has opened up, which favours the side with the two bishops. If I manage to
parry all the concrete threats, I'll be better. But of course, that's a big
"if"!} 12. Bd2 O-O (12... Bxc3 13. bxc3 Ne4 {is a direct attempt to punish
White, but somehow after a ridiculous looking move} 14. h4 $1 {Black still has
to prove his compensation.}) 13. Qe2 {Yeah, I know it looks ugly, but White
got to castle somehow!} Bxc3 (13... Rc8 14. O-O-O Qa5 15. Kb1 Bxc3 16. bxc3 (
16. Bxc3 $2 Rxc3 17. bxc3 Nxd5) 16... Qxd5 17. c4 Qc6 18. Qf3 $1 {and White
was better in Sutovsky-Das, Gibraltar 2015.}) 14. bxc3 e4 15. O-O-O (15. c4 {
is the computer's reccommendation, but the position after} e3 16. Bxe3 Ne4 {
not only looks very dangerous, it was evidently prepared by Alexei, because he
had made all the previous moves without spending any time. Hence I preferred a
more solid continuation. Well, if you can have a solid choice in such a
position at all...}) 15... a5 {This came after some thought, and I knew Black
was on his own already. Nevertheless, that's the strongest move.} 16. Be3 a4
17. b4 Nb6 ({If you let your engine run for quite some time, it will promise
you equality after} 17... a3 $1 18. Kb1 Nb6 {with the following justification}
19. c4 Rc8 20. Rd4 ({one still has to digest and understand, why after} 20.
Bxb6 Qxb6 21. c3 Rfd8 {the position should be considered dynamically equal...})
20... Nxc4 21. Rxc4 Nxd5 22. Bd4 Nc3+ $3 23. Bxc3 Rxc4 24. Qxc4 Qd1+ 25. Ka2
Qxc2+ 26. Ka1 Qc1+ 27. Ka2 Qc2+ {and draw. Well, that's the problem with those
computer lines. Your opponent opts for the "second best move", and then even
if you know, there is a solution, you are simply unable to find it. And let's
not forget, even computers sometimes misevaluate the position, over/
underestimating the compensation in the complex lines. To sum up, chess is
still alive! However, the move in the text is really not the best option, as
White has a very good choice now.}) 18. Qb5 (18. Qf2 {was the strongest,
according to the silicon mind. Indeed, after} Nfxd5 (18... Nbxd5 19. c4 {
now is just winning for me}) 19. c4 (19. Bxb6 Qg5+ $1) 19... a3 20. cxd5 a2 21.
Kb2 Qxd5 {Black's attack is parried in the long lines starting with 22.Bd4...
Well, it all looked a bit too much, and I made the move in the text,
anticipating the queen sac and evaluating it in my favour.}) 18... Nbxd5 ({
I saw, that after} 18... Nfxd5 19. Bxb6 Qxb6 20. Qxb6 Nxb6 21. Bb5 {White has
a comfortable advantage in the endgame (here the computer disagrees with me.
Ok, I disagree with it!), and probably Alexei shared this opinion and went for
the most principled...}) 19. Bc4 Nxe3 20. Rxd8 Rfxd8 21. Ba2 {Of course, it's
a pity to waste a tempo, but this bishop is too important.} a3 {Here I spent a
lot of time, and went...} 22. g4 $5 {...having in mind the line which happened
in the game. It worked out well, but the alternative attempt may have been a
bit stronger:} (22. Qxb7 Ned5 23. g4 h6 {here I didn't manage to find any more
resources.} 24. h4 $1 Rdb8 25. Qc6 Rc8 26. Bxd5 Rxc6 27. Bxc6 Rc8 28. b5 Nxg4 {
I am not convinced it is an easy draw, as suggested by my engines. But
probably all White's attempts are parried by the accurate defence.}) 22... Ned5
$2 {The losing mistake, which came after a long period of thought. Black had
to find} (22... Nfd5 23. Qxb7 (23. f6 Ra6 $5 (23... gxf6 {is also ok})) 23...
Rdb8 $1 (23... Nxc3 24. Bxf7+ $1 (24. Qxf7+ Kh8 25. f6 Ne2+ 26. Kb1 Nc3+ {
is a nice draw}) 24... Kh8 25. Bb3 a2 26. Kb2 a1=Q+ 27. Rxa1 Ncd1+ 28. Rxd1
Nxd1+ 29. Kb1 Nc3+ 30. Kc1 {is still better for White}) 24. Qd7 Rd8 {and queen
can't escape from a perpetual attack.}) 23. g5 $1 Nxc3 24. Bxf7+ $1 Kxf7 25.
Qxb7+ Nd7 26. Qc6 $1 {This quiet move is the point of the whole combination.
Black's king is exposed and his pieces are discoordinated. Alexei sets a
couple of traps, but I was alert!} a2 27. Kb2 $1 (27. Qe6+ Kf8 28. Kb2 {
looks like a more subtle way to play, not allowing Black's king to escape, but
after} Nc5 $3 29. bxc5 Nd1+ $1 30. Ka1 Rab8 $1 31. Rxd1 (31. Kxa2 Rb2+ 32. Ka3
Ra8+) (31. Qxa2 Nc3) 31... Rxd1+ 32. Kxa2 Re8 {it is White who has to fight
for a draw already!}) 27... Na4+ 28. Ka1 Kg8 {Black managed not to lose at
once, but his position is too bad anyway.} 29. f6 {The most direct!} Ne5 30.
Qxe4 Re8 31. Re1 $1 Nc3 (31... Rad8 {is nicely refuted by} 32. f7+ Nxf7 (32...
Kxf7 33. Qf4+ Kg8 34. Rxe5 {is absolutely hopeless}) 33. Qxe8+ Rxe8 34. Rxe8#)
32. Qd4 {The most precise.} ({Originally I had planned} 32. f7+ Kxf7 33. Qf4+
Kg8 34. Rxe5 {but after} Red8 {White still has to find couple of accurate
moves. The move in the text is cleaner.}) 32... Rac8 33. h4 {Black is in
zugzwang!} g6 34. b5 {No black piece can move without immediately losing the
game, hence Alexei called it a day. Not a masterpiece by any means, but quite
a thrilling game, which I enjoyed pretty much.} 1-0

[Event "Groningen"]
[Site "Groningen"]
[Date "1995.??.??"]
[Round "10"]
[White "Svidler, Peter"]
[Black "Hansen, Curt"]
[Result "1-0"]
[WhiteElo "2635"]
[BlackElo "2635"]
[Annotator "Svidler,P"]
[PlyCount "71"]
[EventDate "1995.12.??"]
[EventType "tourn"]
[EventRounds "11"]
[EventCountry "NED"]
[EventCategory "17"]
[SourceTitle "CBM 051"]
[Source "ChessBase"]
[SourceDate "1996.04.01"]
[SourceVersion "1"]
[SourceVersionDate "1996.04.01"]
[SourceQuality "1"]

1. e4 {Boensch} c5 2. Nf3 d6 3. d4 cxd4 4. Nxd4 Nf6 5. Nc3 a6 6. Be3 e5 7. Nb3
Be6 8. f3 Be7 (8... Nbd7 {Boensch} 9. g4 h6 (9... Be7 10. Qd2 O-O 11. O-O-O b5
12. g5 b4 13. Ne2 Ne8 (13... Nh5 14. Ng3 Nf4 15. h4 a5 16. Kb1 a4 17. Nd4 $14 {
Topalov,V-De Firmian,N Polanica Zdroj (01) 1995 1-0 44 - CBM 49}) 14. Ng3 a5
15. Kb1 Nc7 16. f4 a4 17. Nc1 exf4 18. Bxf4 Nc5 $132 {Smirin,I-De Firmian,N
Polanica Zdroj (04) 1995 1/2 72 - CBM 49}) 10. Qd2 Be7 11. O-O-O b5 12. Kb1 Nb6
13. Qf2 Rb8 14. Nc5 b4 15. N3a4 Nxa4 16. Nxa4 Qc7 17. b3 d5 18. exd5 Nxd5 $10 {
Topalov,V-Lautier,J Belgrade (04) 1995 0-1 88 - CBM 51}) (8... d5 9. exd5 Nxd5
10. Nxd5 Bxd5 11. c4 Bb4+ 12. Kf2 Be6 13. Qxd8+ Kxd8 14. Rd1+ $14) 9. Qd2 O-O (
9... Nbd7 {Boensch} 10. g4 h6 (10... b5 11. a4 $1 (11. g5 $6 Nh5 12. Nd5 Bxd5
13. Qxd5 O-O 14. Rg1 Rc8 15. O-O-O Nb6 16. Qd2 Nc4 17. Qf2 Nxe3 18. Qxe3 Nf4
$17 {Ciornei,D-Mowsziszian,K Dresden op 1994 0-1 36}) 11... b4 12. Nd5 Bxd5 13.
exd5 Nb6 (13... Qc7 14. g5 Nh5 15. O-O-O Nf4 16. h4 h6 17. Rg1 hxg5 18. hxg5
Rh4 19. Kb1 $16 {Nunn,J-Sadler,M London Lloyds (09) 1993 1-0 31}) (13... O-O
14. a5 Nc5 15. Bc4 Rb8 16. h4 Nfd7 17. g5 Nxb3 18. cxb3 f5 19. Ke2 Qc8 20. Bf2
Nc5 21. Bxc5 Qxc5 22. Qe3 {1/2 Fleck,J-Gruenenwald,J BL 8788 1988}) 14. a5
Nbxd5 15. g5 Nxe3 16. gxf6 Nxf1 17. fxe7 Qxe7 18. Rxf1 $18) (10... Nb6 11.
O-O-O O-O 12. Rg1 Rc8 13. g5 Nfd7 14. Nd5 Nxd5 15. exd5 Bf5 16. Bd3 $14 {
Jonsson,B-De Firmian,N Akureyri 1994 1-0 40}) 11. O-O-O (11. h4 b5 12. Rg1 $146
b4 (12... Nb6 $5 13. g5 Nfd7 14. Nd5 Bxd5 15. exd5 hxg5 16. hxg5 Rc8 17. Na5
Nxd5 $1 18. Nb7 Nxe3 19. Nxd8 Nxc2+ 20. Kd1 Nxa1 $17 {Georgiev,Ki-Kasparov,G
Paris PCA-Intel GP (02) 1995 0-1 58 - EXP 49}) 13. Na4 d5 14. g5 d4 15. Bxd4
Bxb3 16. gxf6 Bxf6 17. axb3 exd4 18. O-O-O Ne5 19. f4 $3 Nf3 20. Qg2 Nxg1 21.
e5 $1 $16 {Anand,V-Kamsky,G Linares (01) 1994 1-0 39}) (11. Rg1 b5 12. O-O-O
Nb6 13. Bf2 Nfd7 14. Kb1 g5 $10 {Perez,RO-Rodriguez,Am CUB-ch (01) 1995 1/2 25
- EXP 46}) 11... b5 12. Kb1 (12. h4 Nb6 13. Qf2 Nfd7 14. Nd5 Bxd5 15. exd5 Qc7
16. Kb1 Nc4 17. Bc1 Qb6 (17... Ndb6 18. Bd3 Rb8 19. f4 a5 20. fxe5 dxe5 21.
Rhf1 $14 {Pupo,E-Rodriguez,Am CUB-ch (05) 1995 1/2 50 - EXP 46}) 18. Qe1 Rc8
19. Bd3 Nc5 20. f4 Na4 21. g5 $40 {Varavin,V-Bigaliev,R Budapest FS MayGM (06)
1995 1-0 37 - EXP 47}) 12... Nb6 13. Bxb6 Qxb6 14. h4 b4 15. Nd5 Bxd5 (15...
Nxd5 16. exd5 Bd7 17. Re1 $16 {/\ f4}) 16. exd5 a5 (16... Rc8 $2 $146 17. Qd3
Ra8 18. Bh3 $14 {Ye Jiangchuan-Stangl,M Beijing Tan Chin Cup (04) 1995 0-1 38
- CBM 49}) 17. Bh3 a4 18. Nc1 Ra5 19. g5 Nxd5 20. Ne2 Rc5 21. Ka1 Qc6 22. Bf5 {
1/2 Lanka,Z-Piesina,G Vilnius zt 1993}) 10. O-O-O b5 11. g4 (11. Kb1 $5) 11...
b4 12. Na4 {12. .Nd5 Bxd5 13.exd5 a5 unclear; 12.Ne2 a5 13.Kb1 a4 14.Nbc1
unclear} (12. Ne2 a5 13. Kb1 a4 14. Nbc1 b3 15. Ng3 bxc2+ $1 $40 (15... bxa2+
$6)) (12. Nd5 Bxd5 13. exd5 a5 $13 14. Nc5 (14. Kb1 a4 15. Nc1 Qa5 16. g5 Nfd7
17. h4 Na6 18. h5 Nac5 $36 {Kaminski,M-Gutman,A/Bad Endbach/1995/} (18... Nac5
19. Rh4 $13)) (14. g5 Nh5 15. Nc5 dxc5 (15... Nf4 16. h4 dxc5 17. d6 Nc6 18.
Bxc5 Bxg5 19. hxg5 Qxg5 20. Be3 h6 21. Bc4 Rad8 22. Kb1 $16 {Kotronias,V-Short,
N/Moscow olm/1994/}) 16. d6 Nc6 (16... Bxg5 17. Bxg5 f6 18. Bc4+ Kh8 19. Be3
$16) 17. dxe7 Qxe7 18. Qd7 Qxd7 19. Rxd7 Nd4 20. Bc4 $13) 14... Nbd7 (14...
dxc5 15. d6 Nc6 16. Bxc5 $16) 15. Na4 Rb8 (15... Re8 16. h4 e4 17. g5 Nh5 18.
f4 Ng3 19. Rg1 Nf5 20. Bh3 $16 {Gulev-Mitenkov (Moskau 1995)}) 16. Kb1 Re8 17.
h4 e4 18. g5 Nh5 19. f4 Ng3 20. Rg1 Nf5 21. Bh3 $14 {Guliev,S-Mitenkov,A/
Moscow-ch/1995/0-1/57/}) 12... a5 $2 (12... Nc6 $6 13. Nb6 (13. g5 {Boensch}
Nh5 14. Nb6 Rb8 15. Nd5 Bxd5 16. exd5 Na5 17. Nxa5 Qxa5 18. Kb1 Bd8 19. Qd3 Bb6
20. Bc1 $14 {Gofshtein,L-Gruenfeld,Y Rishon le Zion (03) 1994 1/2 31 - CBM 45})
13... Rb8 14. Nd5 Bxd5 15. exd5 Na5 16. Kb1 $16 {xa6} (16. Kb1 Nxb3 17. cxb3
$16 (17. cxb3 $1 a5 $14))) (12... Nbd7 $1 $13 13. Qxb4 $140 (13. g5 {Boensch}
Nh5 14. Qxb4 d5 15. Nac5 Bxg5 $15) 13... d5 $1 14. Bc5 Nxc5 (14... Rb8 $2 15.
Bxe7 $1 (15. Qa3 Nxc5 16. Naxc5 Qb6 $17) (15. Qd2 Nxc5 16. Naxc5 Bxc5 17. Nxc5
Qb6 18. Nb3 (18. Na4 Qc6 19. b3 dxe4 20. g5 Nd5 21. fxe4 Nb4 $17) 18... dxe4
$17) 15... Rxb4 16. Bxd8 Rxd8 17. Nac5 $16) 15. Nbxc5 (15. Naxc5 Qc8 16. g5 Nd7
17. exd5 Nxc5 18. Nxc5 Bxc5 $19) 15... Qc8 $1 $36 {Black has a good position.})
13. Nb6 a4 (13... Nc6 $142 14. Nxa8 (14. Bb5 a4 15. Nxa4 (15. Bxa4 Rxa4 16.
Nxa4 Qa8 $17) 15... Qc7 $40) 14... Qxa8 15. Kb1 a4 16. Nc1 $16) (13... Ra7 {
Boensch} 14. g5 Nh5 15. Nd5 Rb7 16. Nxe7+ Rxe7 17. Nc5 $16) 14. Nc5 $1 (14.
Nxa8 {Boensch} axb3 15. cxb3 Nbd7 16. g5 Nh5 $17) 14... b3 $1 {After the text
move (14... b3) things look pretty good for Black. At this moment I was scared
half to death, because Hansen made his moves so quickly that I was sure it's
all prepared at home. [#]} (14... dxc5 15. Qxd8 Bxd8 16. Nxa8 Nbd7 17. g5 Nh5
18. Bb5 $18) 15. axb3 $8 {Only move. After some time I found this move and
things began looking better. Everything else loses:} (15. Nxa8 bxa2 $19) (15.
Kb1 bxc2+ 16. Qxc2 (16. Kxc2 Qxb6 17. Nxe6 Qc6+ $19) 16... Qxb6 17. Nxe6 Qxe3
$19) (15. a3 bxc2 16. Re1 (16. Kxc2 Qxb6 17. Nxe6 Qc6+ $19) 16... dxc5 17. Qxd8
Rxd8 18. Nxa8 Bb3 $19 (18... Bb3 $19 19. Bb5 $145 $13) (18... Nc6 {Boensch} 19.
Nb6 Bb3 20. Bb5 Nd4 $15)) (15. cxb3 $2 Qxb6 16. Nxe6 Qc6+ $19) (15. Nxe6 bxa2
16. Qc3 a1=Q+ 17. Kd2 Qxd1+ 18. Kxd1 fxe6 19. Nxa8 d5 $17) 15... Qxb6 $8 (15...
axb3 16. Nxa8 $18) 16. Nxe6 axb3 (16... Qc6 17. Nxf8 axb3 18. Qd3 $1 $18 (18.
Kb1 $2 bxc2+ 19. Qxc2 Ra1+ $1 $19) (18. Qc3 $2 Qxc3 19. bxc3 Ra1+ 20. Kd2 Rxd1+
21. Kxd1 b2 $19)) 17. Qc3 $1 $18 {And it becomes clear that White is almost
winning.} Qb7 (17... Ra1+ 18. Kd2 Rxd1+ 19. Kxd1 bxc2+ 20. Kxc2 Qb7 21. Nxf8
$18) 18. Nxf8 bxc2 19. Kxc2 Nc6 (19... Bxf8 {Boensch} 20. Bc4 $18) 20. Bc4 {
Maybe I should have taken on h7, but I did not bother.} (20. Nxh7 $5 $18) 20...
Bxf8 21. Kb1 $18 Ra4 {21. ...Nb4 22.Qb3! d5 (22...Nxe4 23.fxe4 Qxe4+ 24.Bd3+-)
23.Rxd5+-} (21... Nb4 22. Qb3 $1 d5 (22... Nxe4 23. fxe4 Qxe4+ 24. Bd3 $18) 23.
Rxd5 $18) 22. g5 {I spent 35 minutes on that move, looking for the safest way
to win after 22... Nd7, but my opponent made his move almost immediately and
as hit happens most of the time it was another move.} d5 (22... Nd7 23. Bb3 (
23. Bd5 Nc5 24. Bxc5 dxc5 25. Qxe5 (25. Bxc6 Qxc6 $16) 25... Qa6 26. Bxc6 Ra1+
27. Kc2 Qe2+ 28. Rd2 Qc4+ 29. Qc3 Qxc3+ 30. bxc3 Rxh1 $16) (23. Qb3 Rb4 24.
Bxf7+ Kh8 $44) 23... Ra6 (23... Rb4 24. Bd5 Nc5 25. Bxc6 Qxc6 26. Qxb4 $18) 24.
Qc4 Nc5 (24... Nb6 25. Qb5 $18) 25. Bxc5 dxc5 26. Rd7 Qxd7 27. Qxa6 Nd4 28. Bd5
Nxf3 29. h4 $18 {/\ 30.Ka2, 31.Rf1 +-}) 23. exd5 Na5 24. Ba2 Ne8 {Black has to
admit with sadness that the attack did not succeed.} (24... Ra3 25. Qc2 $1 Ne8
(25... Rxe3 26. gxf6) 26. Rd3 $18) 25. Qc2 Qb5 26. d6 {Opening the way for the
bishop on a2.} Nxd6 27. Rd5 Qe8 28. Bc5 Nac4 (28... Nab7 29. Ba3 $18) (28...
Ndc4 29. Rhd1 $18) 29. Bb3 $6 (29. Rhd1 Qa8 30. Qb3 Ra5 (30... Qa6 31. Bxd6
Bxd6 32. Rxd6 $18) 31. Bxd6 $18) (29. Bxc4 Nxc4 30. Bxf8 {seemed to be winning,
but then I found the move} Qa8 $1 {and decided that the outcome is not clear
enough.} (30... Ne3 31. Qxa4 Qxa4 32. Rd8 Qc2+ 33. Ka1 h6 (33... Qa4+ 34. Ba3+)
34. Bc5+ $18)) 29... Qa8 30. Bxa4 Qxd5 31. Bxd6 Qxf3 $2 $138 {A final mistake
in time-trouble.} (31... Nxd6 32. Bc6 Qd4 33. h4 $18 {White is winning,
although it will take time.}) 32. Bxf8 Qxh1+ 33. Ka2 Qd5 34. Bb4 $18 e4 35. b3
Nb6 36. Qc7 1-0

[Event "St Petersburg-ch"]
[Site "St Petersburg"]
[Date "1995.??.??"]
[Round "7"]
[White "Svidler, Peter"]
[Black "Sakaev, Konstantin"]
[Result "1/2-1/2"]
[WhiteElo "2585"]
[BlackElo "2535"]
[Annotator "Svidler,P"]
[PlyCount "28"]
[EventDate "1995.04.??"]
[EventType "tourn"]
[EventRounds "12"]
[EventCountry "RUS"]
[EventCategory "9"]
[SourceTitle "CBM 047"]
[Source "ChessBase"]
[SourceDate "1995.08.01"]
[SourceVersion "1"]
[SourceVersionDate "1995.08.01"]
[SourceQuality "1"]

1. e4 {Wahls} c5 2. Nf3 d6 3. d4 cxd4 4. Nxd4 Nf6 5. Nc3 a6 6. Be3 e5 7. Nb3
Be6 8. f3 h5 $5 {Wahls:Gerade in komplexen Systemen wie der Najdorfvariante,
fällt es angesichts der stets wachsenden Fülle von Analysen zunehmend schwerer,
eine Neuerung im frühen Eröffnungsstadium zu landen-es sei denn,es handelt
sich dabei um irgendwelche albernen,skurilen Züge.Und ein wenig merkwürdig
sieht Sakaevs Neuerung tatsächlich aus,schwächt sie doch den Königsflügel in
beträchtlichem Maße.Nicht von der Hand zu weisen ist allerdings auch ihr
Vorzug:der mit 8.f3 beabsichtigte Bauernaufzug(g4,g5 und gegebenenfalls h4,h5,
g6)wird vollständig verhindert,da nach h3 prizipiell h4 die Folge ist,und der
Plan(g3,h3,Wegzug oder Deckung des Th1 nebst g4)natürlich aus Zeitgründen
ausscheidet.Es bleibt also einzig und allein der Bauernhebel(f3-f4)und die
Frage wie er anzusetzen ist.} 9. f4 {Weiß kann ebensogut zuerst seine
Entwicklung mit 9.Dd2 und 10.0-0-0 beenden,oder den Zug f4 mit 9.Le2
vorbereiten:} (9. Qd2 Nbd7 10. f4 b5 $5 11. f5 Bc4 $13) (9. Nd5 Nxd5 (9... Nbd7
10. c4 $14) 10. exd5 Bf5 11. a4 Nd7 12. a5 g6 $132) (9. h3 $6 {Wahls} h4 10. f4
exf4 11. Bxf4 Nh5) (9. Be2 $5 {Wahls Wahls:Eine mögliche Folge könnte sein:}
Nbd7 10. f4 b5 (10... Qc7) (10... Ng4 $6 11. Bxg4 Bxg4 12. Qd2 exf4 13. Bxf4
Ne5 14. Nd5 Be7 15. O-O $16) 11. O-O Qc7 12. f5 Bc4 13. Bxc4 Qxc4 (13... bxc4
14. Nd2 Rb8 15. Rb1 Be7 16. Qe2) 14. Qd3 Rc8) 9... Ng4 $1 (9... exf4 10. Bxf4
Nc6 11. Qd2 Ng4 12. O-O-O Nge5 13. Be2 $14) (9... Qc7 10. f5 Bc4 11. Bxc4 Qxc4
12. Qd3 $14) 10. Bd2 (10. Qd2 Nxe3 11. Qxe3 exf4 (11... Qh4+ 12. g3 exf4 13.
Qxf4 Qxf4 14. gxf4 Nc6 $13) 12. Qxf4 Nc6 (12... Nd7 {Wahls} 13. O-O-O Be7 (
13... Qf6 $5) 14. Kb1 Ne5) 13. O-O-O Be7 14. Kb1 g6 15. Nd5 Bg5 16. Qg3 Ne5 $13
) 10... exf4 11. Bxf4 g5 $1 {Wahls:Im Stile der Variante: 6.Le3 Sg4!? 7.Lg5 h6
8.Lh4 g5 9.Lg3 Lg7 gespielt.} 12. Bc1 (12. Bg3 h4 13. Nd4 (13. Be2 Ne3 $1 $17)
13... Bd7 (13... hxg3 14. Nxe6 fxe6 15. Qxg4 $16) (13... Ne3 14. Qf3 hxg3 (
14... Nxf1 15. Rxf1 hxg3 16. Nxe6 $16) 15. Qxe3 Rxh2 16. Rg1 $1 $13) 14. Nf5 (
14. Be2 Ne3 $17) 14... Bxf5 15. exf5 Qe7+ $1 $19) (12. h3 gxf4 (12... Nf2 $5
13. Kxf2 gxf4 $40) 13. hxg4 Qg5 $1 $17 {Sakaev,K}) (12. Bd2 Bg7 13. h3 {
Wahls:dürfte kaum eine Verbesserung darstellen.} (13. Qe2 {Wahls Wahls:dürfte
kaum eine Verbesserung darstellen.}) 13... Ne5 14. Be3 {- 12.Bc1}) 12... Bg7 (
12... Nc6 $5 13. Be2 $1 (13. h3 Nge5 14. Be3 g4 $1 $132) 13... Qb6 14. Bxg4
hxg4 $1 (14... Bxg4 15. Qd3 Ne5 16. Qe3 Qxe3+ 17. Bxe3 $14) 15. Qe2 (15. Bxg5
Rxh2 $1 $17) 15... Rxh2 16. Rxh2 Qg1+ 17. Qf1 Qxh2 18. Bxg5 $13) 13. h3 Ne5 14.
Be3 (14. Be2 g4 15. Be3 gxh3 16. gxh3 Bh6 $1 17. Bf2 (17. Bxh6 Qh4+ $1 $17)
17... Nbc6 $17) 14... g4 $1 {Wahls:Ein etwas entäuschendes Ende nach
fulminantem Auftakt.Zum Ausklang jetzt noch ein paar Überlegungen in den
blauen Dunst hinein:} (14... g4 15. hxg4 (15. Nd4 Nbc6 16. Nxe6 fxe6 $17) (15.
Be2 gxh3 16. gxh3 Bh6 $1 $17 {- 14.Be2}) (15. Qe2 Qh4+ 16. Bf2 g3 17. Be3 Bc4
18. Qd1 (18. Qd2 $2 Nf3+ 19. gxf3 g2+ $19) 18... Nbc6 $36) (15. h4 Ng6 (15...
Bf6 16. Bf2 g3 $5 17. Bxg3 Rg8 $1 $36) 16. g3 Be5 17. Bf2 Nc6 $13) (15. Qd2 $2
gxh3) (15. Nd4) 15... hxg4 (15... Nxg4 16. Bd4 Bxd4 (16... Ne5 $2 17. Rxh5) 17.
Qxd4 Qf6 18. Qxf6 Nxf6 19. O-O-O Ke7 20. Na5 b6 21. Nc4 (21. Nb7 Ne8 $1 $17)
21... Bxc4 22. Bxc4 Nbd7 $10) (15... Bxg4 {Wahls} 16. Be2 Nc4 17. Bc1 Rg8 18.
Bxg4 Bxc3+ 19. bxc3 Rxg4 20. Qxg4 hxg4 21. Rh8+ Kd7 22. Rxd8+ Kxd8 $13) 16.
Rxh8+ Bxh8 17. Qd2 Qh4+ $1 (17... Nbc6 18. O-O-O $14) 18. Qf2 $8 (18. Bf2 g3
19. Bg1 (19. Be3 Nf3+ 20. gxf3 g2+ 21. Bf2 (21. Qf2 g1=Q $1 22. Qxh4 Qxe3+ 23.
Ne2 Bxb2 $19) (21. Ke2 Bc4+ $19) 21... gxf1=Q+ 22. Kxf1 Qh3+ 23. Ke2 Bc4+ 24.
Ke3 Qh6+ 25. f4 Qh3+ 26. Bg3 Qxg3#) 19... Nf3+ 20. gxf3 g2+ 21. Qf2 gxf1=Q+ 22.
Kxf1 Qh5 $1 $40) 18... Qxf2+ (18... g3 19. Qf4 $1 Ng4 20. Bd4 $14) 19. Bxf2
Nbc6 20. O-O-O $10) 1/2-1/2